| 000 | 00000cas 2200000zi 4500 |
| 001 | 9.934650 |
| 003 | CaOODSP |
| 005 | 20260303075458 |
| 006 | m o d f |
| 007 | cr cn||||||||| |
| 008 | 240228c20119999nfctr p o f0###b0fre|d |
| 040 | |aCaOODSP|bfre|erda|cCaOODSP |
| 043 | |an-cn--- |
| 086 | 1 |aCC527-4F-PDF |
| 110 | 2 |aMarine Atlantique s.c.c.|eauteur, |eorganisme de publication. |
| 245 | 10|aRapport financier trimestriel / |cMarine Atlantique S.C.C. |
| 264 | 1|aSt. John's (T.-N.-L.) : |bMarine Atlantique = Marine Atlantic, |c2011- |
| 310 | |aTrois fois par année |
| 336 | |atexte|btxt|2rdacontent/fre |
| 337 | |ainformatique|bc|2rdamedia/fre |
| 338 | |aressource en ligne|bcr|2rdacarrier/fre |
| 362 | 1 |aParaît depuis : 30 juin 2011. |
| 500 | |aPublié aussi en anglais sous le titre : Quarterly financial report. |
| 588 | |aDescription d'après : 30 septembre, 2011. |
| 588 | |aDernière livraison consultée : 30 septembre 2023. |
| 610 | 26|aMarine Atlantique s.c.c.|vPériodiques. |
| 650 | 6|aFinances publiques|zCanada|vPériodiques. |
| 655 | 7|aPériodiques|2rvmgf |
| 775 | 08|tQuarterly financial report / |w(CaOODSP)9.934651 |